[Event "Mechanics' Summer TNM; G/2"]
[Site "San Francisco"]
[Date "2016.06.14"]
[Round "4.31"]
[White "Nelson, Carl"]
[Black "Poling, Scott E"]
[Result "0-1"]
[WhiteElo "1188"]
[BlackElo "1946"]
[PlyCount "80"]
[EventDate "2016.??.??"]

1. Nf3 d5 2. c4 c6 3. b3 Nf6 4. Bb2 Bf5 5. d3 e6 6. g3 h6 7. Bg2 Be7 8. O-O
Nbd7 9. Re1 O-O 10. Nbd2 Bh7 11. Rc1 Re8 12. a3 a5 13. e4 dxe4 14. Nxe4 Nxe4
15. dxe4 Nc5 16. Nd2 Nd3 17. Bxg7 Kxg7 18. Qg4+ Bg6 19. Nf3 Nxc1 20. Ne5 Nd3
21. Nxg6 fxg6 22. e5 h5 23. Qxe6 Bc5 24. Qf6+ Qxf6 25. exf6+ Kxf6 26. Rd1 Bxf2+
27. Kf1 Re1+ 28. Rxe1 Bxe1 29. Ke2 Rd8 30. Be4 Nc5 31. Bc2 Rd2+ 32. Kxe1 Rxc2
33. b4 axb4 34. axb4 Nd3+ 35. Kd1 Rg2 36. b5 Ke5 37. c5 Ke4 38. bxc6 bxc6 39.
g4 Ke3 40. gxh5 Rd2# 0-1

[Event "Mechanics' Spring TNM; G/2"]
[Site "San Francisco"]
[Date "2016.04.12"]
[Round "5.28"]
[White "Nelson, Christopher"]
[Black "Donaldson, Kyle Ga"]
[Result "1/2-1/2"]
[WhiteElo "1732"]
[BlackElo "1434"]
[PlyCount "95"]
[EventDate "2016.??.??"]

1. e4 c5 2. Nf3 d6 3. d4 cxd4 4. Nxd4 Nf6 5. Nc3 g6 6. Be2 Bg7 7. Be3 O-O 8.
Qd2 Ng4 9. Bxg4 Bxg4 10. f3 Bd7 11. a4 Nc6 12. Nxc6 bxc6 13. Bh6 Qb6 14. Bxg7
Kxg7 15. a5 Qa6 16. Qd4+ Kg8 17. Kf2 c5 18. Qd2 Bc6 19. Rhd1 Rad8 20. Nd5 Qb7
21. c4 Bxd5 22. exd5 e6 23. Rab1 exd5 24. Qxd5 Qxd5 25. Rxd5 Rfe8 26. Rbd1 Rb8
27. R1d2 Re6 28. Kg3 Rb4 29. Rxd6 Rxd6 30. Rxd6 Rxc4 31. Ra6 Rb4 32. Rxa7 Rxb2
33. Rc7 Rb5 34. a6 Ra5 35. a7 Kg7 36. Kf2 Ra3 37. Ke2 Kf6 38. Kd2 c4 39. Kc2 c3
40. h4 h5 41. g4 hxg4 42. fxg4 Kg7 43. h5 gxh5 44. gxh5 Kh6 45. Rxf7 Kxh5 46.
Rh7+ Kg6 47. Rc7 Kf5 48. Rh7 1/2-1/2

[Event "Mechanics' Spring TNM; G/2"]
[Site "San Francisco"]
[Date "2016.04.26"]
[Round "7.32"]
[White "Nelson, Christopher"]
[Black "Moor, William Edwa"]
[Result "1-0"]
[WhiteElo "1732"]
[BlackElo "1446"]
[PlyCount "61"]
[EventDate "2016.??.??"]

1. d4 d5 2. Nf3 Nf6 3. Bg5 e6 4. e3 Be7 5. Nbd2 Nbd7 6. Bd3 h6 7. Bh4 c6 8. Qe2
Qb6 9. Rb1 c5 10. c3 Qc7 11. O-O Bd6 12. Bg3 O-O 13. Bxd6 Qxd6 14. e4 e5 15.
dxe5 Nxe5 16. Nxe5 Qxe5 17. f4 Qe7 18. e5 Nd7 19. Rbe1 c4 20. Bc2 Nc5 21. Qf3
b5 22. b4 cxb3 23. Nxb3 Rd8 24. Nd4 Bb7 25. Nf5 Qc7 26. Qg3 g6 27. Nxh6+ Kh8
28. f5 Ne4 29. Bxe4 dxe4 30. fxg6 Qc5+ 31. Kh1 1-0

[Event "Mechanics' Winter TNM; G/2"]
[Site "San Francisco"]
[Date "2016.01.12"]
[Round "2"]
[White "Nelson, Christopher"]
[Black "Nyangar, Enkhmaa"]
[Result "1-0"]
[WhiteElo "1732"]
[BlackElo "1647"]
[PlyCount "111"]
[EventDate "2016.??.??"]

1. e4 c5 2. Nf3 Nc6 3. d4 cxd4 4. Nxd4 g6 5. Nc3 Bg7 6. Nb3 Nf6 7. Be3 d6 8.
Be2 a6 9. Qd2 b5 10. f3 b4 11. Nd1 a5 12. Bh6 O-O 13. Bxg7 Kxg7 14. O-O Qb6+
15. Qe3 Qxe3+ 16. Nxe3 a4 17. Nd2 Nd7 18. Bb5 Nd4 19. Bxd7 Bxd7 20. Nd5 Nxc2
21. Rac1 Nd4 22. Rfe1 Bb5 23. Kf2 Rfc8 24. Nc7 Rab8 25. Ke3 e5 26. Nxb5 Rxc1
27. Rxc1 Rxb5 28. Rc7 b3 29. axb3 Nxb3 30. Nc4 Rc5 31. Nxd6 Rxc7 32. Ne8+ Kh6
33. Nxc7 Kg5 34. g3 h5 35. h4+ Kf6 36. Nd5+ Ke6 37. Kd3 Nc5+ 38. Kc4 Kd6 39.
Nc3 f5 40. exf5 gxf5 41. Nb5+ Kc6 42. Na7+ Kb6 43. Nc8+ Kc6 44. Ne7+ Kb6 45.
Nxf5 Nb3 46. Kc3 Kc5 47. g4 hxg4 48. fxg4 Nd4 49. Nxd4 exd4+ 50. Kd3 Kb4 51. g5
Kb3 52. g6 Kxb2 53. g7 a3 54. g8=Q a2 55. Qxa2+ Kxa2 56. Kxd4 1-0

[Event "Mechanics' Spring TNM; G/2"]
[Site "San Francisco"]
[Date "2016.03.29"]
[Round "3.29"]
[White "Nelson, Christopher"]
[Black "Olson, David R"]
[Result "1-0"]
[WhiteElo "1732"]
[BlackElo "1400"]
[PlyCount "29"]
[EventDate "2016.??.??"]

1. e4 c5 2. Nf3 g6 3. d4 cxd4 4. Nxd4 Bg7 5. Nc3 e5 $2 6. Ndb5 Bf8 7. Nd6+ Bxd6
8. Qxd6 Qe7 9. Nb5 Qxd6 $2 10. Nxd6+ Ke7 11. Nxc8+ Ke6 12. Bc4+ d5 13. Bxd5+
Kd7 14. Bxb7 Ne7 15. Nxe7 1-0

[Event "Mechanics' Winter TNM; G/2"]
[Site "San Francisco"]
[Date "2016.01.26"]
[Round "4.13"]
[White "Nelson, Christopher"]
[Black "Rudyak, Felix"]
[Result "0-1"]
[WhiteElo "1732"]
[BlackElo "1973"]
[PlyCount "70"]
[EventDate "2016.??.??"]

1. e4 c5 2. Nf3 d6 3. d4 cxd4 4. Nxd4 Nf6 5. Nc3 a6 6. Bg5 e6 7. f4 Be7 8. Qf3
h6 9. Bh4 Nbd7 10. Be2 g5 11. fxg5 Ne5 12. Qf2 hxg5 13. Bg3 Bd7 14. Bxe5 dxe5
15. Nb3 Rh4 16. Qe3 Rc8 17. O-O-O Qc7 18. g3 Rh8 19. Rhf1 b5 20. a3 Rxh2 21.
Rh1 Rxh1 22. Rxh1 Ng8 23. Rh8 Kf8 24. Qf3 Bxa3 25. Qf6 Qxc3 26. Qh6+ Ke7 27.
Qxg5+ Nf6 28. Rxc8 Qxb2+ 29. Kd1 Bxc8 30. Qe3 Qb1+ 31. Kd2 Bb4+ 32. Kd3 Qb2 33.
Qa7+ Bd7 34. Qc7 Ne8 35. Qxe5 Qxe5 0-1

[Event "Mechanics' Winter TNM; G/2"]
[Site "San Francisco"]
[Date "2016.02.16"]
[Round "7.11"]
[White "Nelson, Christopher"]
[Black "Sarafian, Greg M"]
[Result "0-1"]
[WhiteElo "1732"]
[BlackElo "1956"]
[PlyCount "86"]
[EventDate "2016.??.??"]

1. e4 e5 2. Nc3 Nf6 3. f4 d5 4. exd5 Nxd5 5. Nxd5 Qxd5 6. fxe5 Qxe5+ 7. Qe2
Qxe2+ 8. Bxe2 Bf5 9. d3 Bc5 10. Bf4 c6 11. O-O-O O-O 12. g4 Be6 13. d4 Be7 14.
h4 Nd7 15. c4 Nb6 16. b3 a5 17. Bc7 Bd8 18. Bxd8 Rfxd8 19. a4 Rd7 20. Bf3 Rad8
21. Ne2 f6 22. Rd2 Bf7 23. Rhd1 Kf8 24. h5 Nc8 25. Nf4 Ne7 26. Kc2 g6 27. hxg6
hxg6 28. d5 g5 29. Ne6+ Bxe6 30. dxe6 Rxd2+ 31. Rxd2 Rxd2+ 32. Kxd2 Ng6 33. Be4
Nf4 34. Bf5 Ke7 35. Ke3 Nxe6 36. Bxe6 Kxe6 37. Ke4 c5 38. Kf3 Ke5 39. Ke3 b6
40. Kf3 Kd4 41. Ke2 Ke4 42. Kf2 Kf4 43. Kg2 Kxg4 0-1

[Event "Mechanics' Winter TNM; G/2"]
[Site "San Francisco"]
[Date "2016.02.09"]
[Round "6.21"]
[White "Nelson, Christopher"]
[Black "Simpkins, Jerry"]
[Result "1-0"]
[WhiteElo "1732"]
[BlackElo "1512"]
[PlyCount "73"]
[EventDate "2016.??.??"]

1. e4 e5 2. Nc3 Nc6 3. f4 d6 4. Nf3 f5 5. Bb5 fxe4 6. Bxc6+ bxc6 7. Nxe4 d5 8.
Nxe5 dxe4 9. Qh5+ g6 10. Nxg6 Nf6 11. Qe5+ Be7 12. Nxh8 Ba6 13. Qe6 Qd7 14.
Qf7+ Kd8 15. Qb3 Nd5 16. Nf7+ Kc8 17. Ne5 Qe6 18. Qa4 Bb5 19. Qxe4 Nf6 20. Qf3
Kb7 21. d3 Bc5 22. Be3 Bb4+ 23. c3 Ba5 24. O-O Nd5 25. Bd2 Bb6+ 26. Kh1 Ne7 27.
c4 Ba6 28. b4 Bd4 29. Rae1 Kb6 30. c5+ Kb7 31. Nc4 Qf6 32. Na5+ Kc8 33. Rxe7
Qxe7 34. Qxc6 Bxd3 35. Qxa8+ Kd7 36. Qd5+ Ke8 37. Re1 1-0

[Event "Mechanics' Alan Benson TNM; G/2"]
[Site "San Francisco"]
[Date "2016.08.16"]
[Round "3.26"]
[White "Newey, Richard"]
[Black "Boldi, Nicholas Ar"]
[Result "1-0"]
[WhiteElo "1773"]
[BlackElo "1160"]
[Annotator "Donaldson"]
[PlyCount "87"]
[EventDate "2016.??.??"]

1. e4 e6 2. d4 d5 3. Nd2 Nf6 4. e5 Nfd7 5. Bd3 Nc6 $2 (5... c5) 6. c3 b6 7. f4
Bb7 8. Ngf3 (8. Ne2 g6 9. O-O Bg7 10. g4 h5 11. f5 Ndxe5 12. dxe5 Nxe5 13. fxe6
Nxd3 14. Rxf7) 8... g6 9. O-O Bg7 10. Re1 Rc8 11. Nf1 Ne7 12. Ne3 (12. b4 c5
13. Bd2) (12. Be3 O-O 13. Bf2) (12. Bd2) 12... c5 13. Bd2 c4 (13... O-O 14. g4)
14. Bc2 b5 15. a4 (15. b4 O-O 16. a4 a6 17. g4) (15. g4 h5 16. h3) 15... a6 16.
axb5 axb5 17. Ra7 Qb6 18. Qa1 Nc6 19. Ra2 b4 (19... O-O) 20. b3 bxc3 21. Bxc3
cxb3 22. Rb2 (22. Bxb3 Qxb3 $4 23. Rb1) 22... Ra8 (22... Ncxe5 $1 23. dxe5 (23.
fxe5 Rxc3) (23. Rxb3 Nxf3+ 24. gxf3 Qc7) 23... Rxc3) 23. Qc1 (23. Qb1 bxc2 24.
Nxc2) 23... Ra3 24. Qd2 O-O 25. Reb1 Na5 26. Bxa5 Qxa5 27. Qxa5 Rxa5 28. Bxb3
f6 (28... Bc6) 29. Ba4 Bc8 30. Bc6 Bh6 (30... fxe5) 31. Bxd7 Bxf4 $2 (31...
Bxd7) 32. Ng4 Bxd7 33. Nxf6+ Rxf6 34. exf6 Ra4 35. Ne5 Bxe5 36. dxe5 h5 37. Rb7
Bc6 38. Rg7+ Kf8 39. Rb8+ Be8 40. h3 (40. f7) 40... d4 41. Re7 Ra1+ 42. Kh2 Ra8
43. Rxa8 d3 44. Raxe8# 1-0

[Event "Mechanics' Alan Benson TNM; G/2"]
[Site "San Francisco"]
[Date "2016.08.30"]
[Round "5.25"]
[White "Newey, Richard"]
[Black "Brown, Nicholas M"]
[Result "1-0"]
[WhiteElo "1773"]
[BlackElo "1419"]
[PlyCount "81"]
[EventDate "2016.??.??"]

1. e4 c6 2. d4 d5 3. Nc3 dxe4 4. Nxe4 Bf5 5. Ng3 Bg6 6. Nf3 Nf6 7. Bc4 e6 8.
O-O Bd6 9. Bg5 Nbd7 10. c3 O-O 11. Re1 Qb6 12. Bb3 h6 13. Be3 Nd5 14. c4 Nxe3
15. fxe3 Qc7 16. Nf1 b6 17. e4 c5 18. e5 Be7 19. d5 exd5 20. cxd5 c4 21. Bc2
Bc5+ 22. Kh1 Bxc2 23. Qxc2 b5 24. Rad1 Rfe8 25. Qf5 g6 26. Qf4 Bf8 27. d6 Qc5
28. Qg3 Bg7 29. e6 fxe6 30. Qxg6 Nf8 31. Qg3 Rad8 32. Ne3 Kh8 33. Ng4 Rd7 34.
Qh3 Kh7 35. Re5 Bxe5 36. Nfxe5 Kh8 37. Qxh6+ Rh7 38. Qf6+ Kg8 39. Qg5+ Rg7 40.
Nf6+ Kh8 41. Qh5+ 1-0

[Event "Mechanics' Fall TNM; G/2"]
[Site "San Francisco"]
[Date "2016.10.18"]
[Round "1.37"]
[White "Newey, Richard"]
[Black "Cowgill, Jackie"]
[Result "1-0"]
[WhiteElo "1773"]
[BlackElo "991"]
[PlyCount "77"]
[EventDate "2016.??.??"]

1. e4 e5 2. Nf3 Nc6 3. Bc4 Bc5 4. c3 Nf6 5. d4 exd4 6. cxd4 Bb4+ 7. Bd2 Bxd2+
8. Nbxd2 d6 9. O-O O-O 10. h3 Re8 11. Re1 a6 12. a3 b5 13. Bd3 Be6 14. d5 Ne5
15. Nxe5 dxe5 16. Rc1 Bd7 17. Nb3 b4 18. Nc5 Bb5 19. Bxb5 axb5 20. axb4 Qc8 21.
Qe2 Rb8 22. Nb3 Rd8 23. Na5 Rd6 24. Nc6 Rxc6 25. Rxc6 Qd7 26. Rec1 Ne8 27. R1c5
h6 28. f3 Qc8 29. Rxb5 Rxb5 30. Qxb5 Nd6 31. Qc5 Qd8 32. Rxc7 Qg5 33. Qc1 Qd8
34. Rc6 Qa8 35. Rxd6 Qa4 36. Rc6 Qxb4 37. d6 Qd4+ 38. Kh2 f5 39. Qc4+ 1-0

[Event "Mechanics' Fall TNM; G/2"]
[Site "San Francisco"]
[Date "2016.12.06"]
[Round "8.13"]
[White "Newey, Richard"]
[Black "Gray, William"]
[Result "0-1"]
[WhiteElo "1773"]
[BlackElo "2022"]
[PlyCount "44"]
[EventDate "2016.??.??"]

1. e4 c5 2. Nf3 d6 3. d4 Nf6 4. Nc3 cxd4 5. Nxd4 g6 6. Bc4 Bg7 7. f3 O-O 8. Be3
Nc6 9. Qd2 Bd7 10. O-O-O Qc8 11. Nxc6 bxc6 12. g4 Be6 13. Bd3 d5 14. Kb1 Rd8
15. Bc5 dxe4 16. g5 exd3 17. gxf6 dxc2+ 18. Qxc2 exf6 19. Ka1 f5 20. h4 h5 21.
Rdg1 Qc7 22. Rg2 Qf4 0-1

[Event "Mechanics' Alan Benson TNM; G/2"]
[Site "San Francisco"]
[Date "2016.09.27"]
[Round "9.31"]
[White "Newey, Richard"]
[Black "Hilliard, Michael"]
[Result "1-0"]
[WhiteElo "1773"]
[BlackElo "1400"]
[Annotator "Donaldson"]
[PlyCount "75"]
[EventDate "2016.??.??"]

1. e4 c6 2. c4 e5 3. Nf3 Qc7 4. b3 (4. d4) 4... Bc5 5. Bb2 d6 6. d4 Bb6 $2 (
6... exd4) 7. dxe5 Bc5 8. Be2 f6 9. exd6 Bxd6 10. O-O Ne7 11. Nbd2 O-O 12. Rc1
Bc5 13. a3 a5 14. Ra1 $2 (14. e5 $1) 14... Nd7 15. Nd4 Ne5 16. Kh1 Rd8 17. f4
Nf7 (17... N5g6 $1) 18. Nc2 Ng6 19. g3 Bh3 20. Qe1 (20. Rf3 Bg4 21. Rc3) 20...
Bxf1 21. Nxf1 Qe7 22. Bf3 Rd3 23. Nd2 Rad8 24. Rd1 Be3 $4 25. Nxe3 Qc5 26. Ndf1
Rxd1 27. Bxd1 Rd3 28. Bc2 Rd8 29. b4 Qe7 30. bxa5 Nd6 31. Qb4 Nf8 32. e5 Nc8
33. Qc3 Qf7 34. Kg2 c5 35. Nf5 Ne6 36. Be4 Nd4 37. N1e3 Qe6 38. Bd5 1-0

[Event "Mechanics' Fall TNM; G/2"]
[Site "San Francisco"]
[Date "2016.11.01"]
[Round "3.30"]
[White "Newey, Richard"]
[Black "Valente, Marty J"]
[Result "1-0"]
[WhiteElo "1773"]
[BlackElo "1161"]
[Annotator "Donaldson"]
[PlyCount "111"]
[EventDate "2016.??.??"]

1. e4 c5 2. Nf3 d6 3. d4 cxd4 4. Nxd4 Nf6 5. Nc3 a6 6. Be2 Nc6 7. O-O e6 8. Be3
Be7 9. f4 O-O 10. Bf3 Bd7 11. Qe2 Rc8 12. Rad1 Qc7 13. Qf2 Nxd4 14. Bxd4 Bc6
15. Bb6 Qb8 16. Qg3 Nd7 17. Bd4 e5 18. Be3 Bf6 19. f5 b6 20. Rd2 Rfd8 21. Nd5
Bxd5 22. exd5 Nc5 23. Bh6 Kh8 24. Bg5 Bxg5 25. Qxg5 f6 26. Qh5 Qc7 27. b4 Nb7
28. Be2 b5 29. Bd1 Rf8 30. Rd3 Qf7 31. Qh4 Rc7 32. Rh3 g5 33. fxg6 Qxg6 34. Rg3
Rc4 35. Qh3 Qf7 36. Bh5 Qe7 37. Qe6 Qd8 38. c3 Rc7 39. Bg4 Qe7 40. Qf5 Nd8 41.
Rh3 Qg7 42. Rff3 Rg8 43. Rhg3 Rf8 44. Bh5 Qe7 45. Qg4 Rc4 46. Qh3 Nf7 47. Bg6
Ng5 {Diagram [#]} 48. Rxg5 $1 Rg8 (48... fxg5 49. Rxf8+ Qxf8 50. Qxh7#) 49.
Rxf6 Rg7 50. Re6 Qa7+ 51. Kh1 Rxg6 52. Rgxg6 Qf7 53. Rgf6 Re4 54. Qg3 Rf4 55.
Rxf4 exf4 56. Qe1 1-0

[Event "Mechanics' Fall TNM; G/2"]
[Site "San Francisco"]
[Date "2016.11.22"]
[Round "6.23"]
[White "Newey, Richard"]
[Black "White, Benjamin M"]
[Result "1/2-1/2"]
[WhiteElo "1773"]
[BlackElo "1040"]
[Annotator "Donaldson"]
[PlyCount "71"]
[EventDate "2016.??.??"]

1. e4 e5 2. Nf3 Nc6 3. Bc4 Nf6 4. Ng5 d5 5. exd5 Nxd5 6. Nxf7 (6. d4) (6. Qf3
Qxg5 7. Bxd5 Nd4 8. Qxf7+ Kd8 9. O-O Nxc2 10. Be4 Nxa1 11. d4 Qe7 12. Qh5 {
with obscure play.}) 6... Kxf7 7. Qf3+ Qf6 $4 (7... Ke6 8. Nc3 Ncb4 9. a3 Nxc2+
10. Kd1 Nxa1 11. Nxd5 c6 12. Nb6+ Kd6 13. Nxa8 Qh4 $11) 8. Bxd5+ Ke8 9. Bxc6+
bxc6 10. Qe3 Kf7 11. O-O Bd6 12. Nc3 Be6 13. b3 Rhf8 14. Ne4 Qf5 15. Ng5+ Kg8
16. Nxe6 Qxe6 17. g3 Rf6 18. Bb2 Qh3 19. Qe4 Raf8 20. Qg2 Qd7 21. Rae1 Bc5 22.
Re2 Qg4 23. Rfe1 Rxf2 24. Rxf2 Bxf2+ 25. Qxf2 Rxf2 26. Kxf2 Qf5+ 27. Ke3 e4 28.
d4 Qf3+ 29. Kd2 c5 30. Re3 Qh5 31. h4 cxd4 32. Rxe4 c5 33. Rf4 Qe5 34. Rf3 Qe4
35. Rd3 Qg2+ 36. Kd1 1/2-1/2

[Event "Mechanics' Summer TNM; G/2"]
[Site "San Francisco"]
[Date "2016.07.12"]
[Round "8.21"]
[White "Newey, Richard H"]
[Black "Chan, John"]
[Result "0-1"]
[WhiteElo "1811"]
[BlackElo "1578"]
[Annotator "Donaldson"]
[PlyCount "162"]
[EventDate "2016.??.??"]

1. e4 e6 2. d4 d5 3. Nd2 Nf6 4. e5 Nfd7 5. Bd3 c5 6. c3 c4 7. Bc2 a6 8. f4 g6
9. Ngf3 h6 10. O-O Nc6 11. Qe1 Be7 12. Qg3 Nf8 13. Rf2 b5 14. Nf1 Bd7 15. Bd2
a5 16. Re1 a4 17. a3 Qc7 18. Ne3 O-O-O 19. Ng4 Kb7 20. Nf6 Bc8 21. Ng4 Nd7 22.
Ne3 Rdg8 23. Kf1 Bd8 24. Ng1 Ne7 25. Qf3 Ka6 26. Qd1 Nb6 27. Bb1 Bd7 28. Nc2
Nc6 29. Nf3 Be7 30. Kg1 Be8 31. Qc1 Qd8 32. Qd1 Na8 33. Ne3 Nc7 34. Bc2 Na5 35.
Ng4 Bc6 36. h3 Ne8 37. Be3 Ng7 38. Rfe2 Nh5 39. Qd2 Ng3 40. Rf2 Ne4 41. Bxe4
dxe4 42. Nfh2 Bh4 43. Nf6 Bxf2+ 44. Bxf2 Rg7 45. Nxe4 Bxe4 46. Rxe4 Qd5 47. Qe2
g5 48. Be1 gxf4 49. Rxf4 Rhg8 50. Ng4 h5 51. Ne3 Qc6 52. Rf6 (52. d5 $1 $11)
52... Ka7 53. Qf2 Qb7 54. d5 Ka8 55. dxe6 fxe6 56. Rxe6 Nc6 57. Qf3 Rg6 58.
Rxg6 Rxg6 59. Qf8+ Qb8 60. Qf5 Rg8 61. e6 Qe5 62. Bf2 Qxf5 63. Nxf5 Kb7 64. Bc5
Kc7 65. Bd4 Nxd4 66. Nxd4 Kd6 67. Kf2 h4 68. Nf5+ Kxe6 69. Nxh4 Ke5 70. g3 Ke4
71. Ng2 Kd3 72. h4 Kc2 73. h5 Kxb2 74. Nf4 Kxa3 75. Nd5 Kb3 76. Ke3 a3 77. Nb4
Kxc3 78. Na2+ Kb2 79. h6 Rxg3+ 80. Kf4 Rh3 81. Kg5 Kxa2 0-1

[Event "Mechanics' Spring TNM; G/2"]
[Site "San Francisco"]
[Date "2016.04.19"]
[Round "6.10"]
[White "Newey, Richard H"]
[Black "Drane, Robert W"]
[Result "1-0"]
[WhiteElo "1819"]
[BlackElo "2012"]
[PlyCount "97"]
[EventDate "2016.??.??"]

1. e4 Nf6 2. Nc3 d5 3. exd5 Nxd5 4. Bc4 Nb6 5. Bb3 Nc6 6. Qf3 e6 7. Nge2 Na5 8.
O-O Bd7 9. d4 c5 10. dxc5 Bxc5 11. Bf4 Nxb3 12. axb3 Bc6 13. Qg3 O-O 14. Bg5 f6
15. Rad1 Qe7 16. Be3 Nd5 17. Nd4 Nxe3 18. Nxc6 bxc6 19. fxe3 Rfd8 20. Na4 Bd6
21. Qf3 Rac8 22. Rd3 Bb8 23. Rfd1 Rd5 24. e4 Rxd3 25. Rxd3 Rd8 26. Qd1 Rxd3 27.
Qxd3 Qd6 28. Qxd6 Bxd6 29. h3 Kf7 30. Kf2 Ke7 31. Ke3 Bc7 32. Kd3 Kd6 33. b4
Bb6 34. c3 Bf2 35. Ke2 Bg1 36. Kd3 h5 37. b3 Ke5 38. Nc5 Bxc5 39. bxc5 Kf4 40.
b4 h4 41. c4 Ke5 42. b5 cxb5 43. cxb5 f5 44. exf5 exf5 45. Kc4 g5 46. c6 g4 47.
Kc5 Ke6 48. b6 axb6+ 49. Kxb6 1-0

[Event "Mechanics' Winter TNM; G/2"]
[Site "San Francisco"]
[Date "2016.02.09"]
[Round "6.30"]
[White "Newey, Richard H"]
[Black "Eastham, Asher"]
[Result "1/2-1/2"]
[WhiteElo "1819"]
[BlackElo "1499"]
[PlyCount "106"]
[EventDate "2016.??.??"]

1. e4 e5 2. Nf3 Nc6 3. Bc4 Bc5 4. d3 Nf6 5. Nc3 d6 6. h3 Be6 7. Bb3 h6 8. O-O
Qd7 9. Kh2 O-O-O 10. Bd5 g5 11. Be3 g4 12. Bxe6 Qxe6 13. Nh4 Ne7 14. Qe2 h5 15.
Bxc5 dxc5 16. f4 exf4 17. Rxf4 Qe5 18. Raf1 Ng6 19. Nxg6 fxg6 20. Kh1 Nh7 21.
h4 Rdf8 22. Rf7 Qg3 23. Qf2 Rxf7 24. Qxg3 Rxf1+ 25. Kh2 Re8 26. Nb5 Re7 27.
Nxa7+ Kb8 28. Nb5 Nf8 29. d4 cxd4 30. Qa3 Re5 31. Qa7+ Kc8 32. Qa8+ Kd7 33.
Qxb7 Ne6 34. a4 Rf2 35. Na3 Nf4 36. Kg3 Rf1 37. Qa6 d3 38. Kh2 (38. cxd3 $2
Ne2+ 39. Kh2 g3+ 40. Kh3 Rh1#) 38... Ke7 39. Qc6 Kd8 40. Qf6+ Re7 41. g3 d2 42.
Qh8+ Re8 43. Qd4+ Kc8 44. Qxd2 Nh3 45. Qd3 Rh1+ (45... Ref8 $1 46. Qa6+ Kd8 47.
Qd3+ Ke7 $19) 46. Kg2 (46. Kxh1 Nf2+ 47. Kg2 Nxd3 48. cxd3) 46... Rg1+ 47. Kh2
Re6 48. Qd5 Rd6 49. Qg8+ Kb7 50. Nc4 Ra6 51. Qd5+ Ka7 52. Qc5+ Kb7 53. Qd5+ Ka7
{White was winning but was very low on time.} 1/2-1/2

[Event "Mechanics' Spring TNM; G/2"]
[Site "San Francisco"]
[Date "2016.04.05"]
[Round "4.27"]
[White "Newey, Richard H"]
[Black "Eastham, Asher Dan"]
[Result "1/2-1/2"]
[WhiteElo "1819"]
[BlackElo "1501"]
[Annotator "Donaldson"]
[PlyCount "33"]
[EventDate "2016.??.??"]

1. e4 e5 2. Nf3 Nc6 3. d4 exd4 4. Bc4 Bc5 5. c3 Nge7 6. cxd4 Bb6 $2 {
Diagram [#]} (6... Bb4+ 7. Bd2 Bxd2+ 8. Nbxd2 d5 9. exd5 Nxd5 {
transposes to a well-known line of the Guioco Piano.}) 7. Ng5 $2 (7. d5 Nb8 8.
d6 cxd6 9. Nc3 $16 {
and Black will not easily develop the queen bishop and queen rook.}) 7... d5 8.
exd5 Nxd5 9. Qf3 Be6 10. Nxe6 fxe6 11. O-O Nxd4 12. Qe4 O-O 13. Nc3 c6 14. Be3
Qf6 15. Rae1 Kh8 16. Bxd4 Qxd4 17. Bd3 1/2-1/2

[Event "Mechanics' Summer TNM; G/2"]
[Site "San Francisco"]
[Date "2016.06.14"]
[Round "4.25"]
[White "Newey, Richard H"]
[Black "James, Charles"]
[Result "1-0"]
[WhiteElo "1811"]
[BlackElo "1342"]
[PlyCount "61"]
[EventDate "2016.??.??"]

1. e4 d5 2. exd5 Qxd5 3. Nc3 Qd8 4. Nf3 Nf6 5. Bc4 a6 6. d4 Bg4 7. Ne5 Be6 8.
Bxe6 fxe6 9. O-O Nbd7 10. Bf4 Nxe5 11. Bxe5 Qd7 12. Qe2 O-O-O 13. Ne4 Nxe4 14.
Qxe4 Qd5 15. Qf4 Qc6 16. c4 Rg8 17. Qf7 Rh8 18. b4 h5 19. Rfe1 Kb8 20. b5 Qe8
21. Qxe6 Rh6 22. Qh3 g5 23. Qb3 Rb6 24. a4 a5 25. Rab1 Qf7 26. Qc3 Bg7 27. c5
Rg6 28. b6 Bxe5 29. dxe5 c6 30. Qxa5 Kc8 31. Qa8+ 1-0

[Event "Mechanics' Spring TNM; G/2"]
[Site "San Francisco"]
[Date "2016.05.03"]
[Round "8.8"]
[White "Newey, Richard H"]
[Black "Krasnov, Steven Le"]
[Result "0-1"]
[WhiteElo "1819"]
[BlackElo "1993"]
[PlyCount "72"]
[EventDate "2016.??.??"]

1. e4 c5 2. Nf3 g6 3. Bc4 Bg7 4. Nc3 Nc6 5. O-O e6 6. d3 Nge7 7. Bf4 d6 8. Nb5
Ne5 9. Nxe5 dxe5 10. Be3 a6 11. Nc3 b5 12. Nxb5 axb5 13. Bxb5+ Bd7 14. Bxd7+
Qxd7 15. Bxc5 O-O 16. a4 Rfc8 17. b4 Bf8 18. a5 Nc6 19. Bxf8 Kxf8 20. Qd2 Nd4
21. Rfc1 Rc6 22. Rab1 Rac8 23. Rb2 Rc3 24. Kf1 Qa4 25. g4 Rxc2 26. Qh6+ Kg8 27.
Rcxc2 Rxc2 28. Rxc2 Qxc2 29. Qe3 Qb1+ 30. Kg2 Qxb4 31. a6 Qa5 32. h4 Kg7 33. h5
Qxa6 34. Qg5 f6 35. h6+ Kf7 36. Qc1 Qc6 {and Black soon won.} 0-1

[Event "Mechanics' Winter TNM; G/2"]
[Site "San Francisco"]
[Date "2016.01.05"]
[Round "1.31"]
[White "Newey, Richard H"]
[Black "Nassif, Wassim J"]
[Result "1-0"]
[WhiteElo "1819"]
[BlackElo "1186"]
[PlyCount "61"]
[EventDate "2016.??.??"]

1. e4 e5 2. Nf3 Nc6 3. Bc4 Bc5 4. c3 Nf6 5. d4 exd4 6. cxd4 Nxd4 7. Nxd4 Nxe4
8. O-O O-O 9. Nc3 Nxc3 10. bxc3 d5 11. Bd3 Qf6 12. Be3 Bb6 13. Qc2 g6 14. a4 c5
15. Ne2 d4 16. cxd4 cxd4 17. Bh6 Re8 18. a5 Bd8 19. Qa4 Re7 20. Rfe1 g5 21.
Nxd4 Rxe1+ 22. Rxe1 Qxh6 23. Re8+ Kg7 24. Rxd8 Qe6 25. Nxe6+ Bxe6 26. Rxa8 a6
27. Qe8 Kh6 28. h3 Bd5 29. g4 Kg7 30. Qh8+ Kh6 31. Qxh7# 1-0

[Event "Mechanics' Summer TNM; G/2"]
[Site "San Francisco"]
[Date "2016.05.31"]
[Round "2.29"]
[White "Newey, Richard H"]
[Black "Robertson, Guy"]
[Result "1-0"]
[WhiteElo "1811"]
[BlackElo "1474"]
[PlyCount "43"]
[EventDate "2016.??.??"]

1. e4 c5 2. Nf3 d6 3. d4 cxd4 4. Nxd4 Nf6 5. Nc3 Nc6 6. Bg5 a6 7. Be2 e6 8. O-O
Be7 9. Kh1 O-O 10. f4 Qc7 11. Nf3 b5 12. a3 Bb7 13. f5 Rac8 14. Bd3 Ne5 15.
Nxe5 dxe5 16. Qe1 Rfd8 17. Qh4 b4 18. axb4 Bxb4 19. Bxf6 gxf6 20. Rf3 Bf8 21.
Rg3+ Kh8 22. Qxf6+ 1-0

[Event "Mechanics' Winter TNM; G/2"]
[Site "San Francisco"]
[Date "2016.01.19"]
[Round "3.10"]
[White "Newey, Richard H"]
[Black "Tracy, Joseph J"]
[Result "0-1"]
[WhiteElo "1819"]
[BlackElo "2179"]
[Annotator "Donaldson"]
[PlyCount "50"]
[EventDate "2016.??.??"]

1. e4 e6 2. d4 d5 3. Nd2 Nf6 4. e5 Nfd7 5. Bd3 c5 6. c3 Nc6 7. Ne2 f5 $6 (7...
f6) (7... cxd4 8. cxd4 f6 (8... Qb6 9. Nf3 f6)) 8. Nf3 (8. exf6) (8. Nf4 Qe7) (
8. a3 Be7 $2 9. Nf4) (8. O-O {looks best as} Be7 {is met by} 9. Nf4 Nf8 10.
Qh5+ g6 11. Qh6 $18) 8... Be7 9. O-O (9. Nf4 $1 {was still strong.}) 9... cxd4
10. cxd4 O-O 11. Bd2 Nb6 12. a3 Bd7 13. Nc3 $6 {
This makes ...Be8-h5 much stronger (no Nf4).} (13. Rc1) 13... Be8 14. Ne2 Bh5
15. Bc3 (15. Nf4) 15... g5 16. Bc2 Nc4 17. h3 b5 18. Nh2 (18. Ng3 Bg6) 18... a5
19. g4 Bg6 20. Rb1 $2 b4 21. Ba4 Qb6 22. Bxc6 Qxc6 23. axb4 axb4 24. Bd2 fxg4
25. Nxg4 Bxb1 0-1

[Event "Mechanics' Spring TNM; G/2"]
[Site "San Francisco"]
[Date "2016.03.22"]
[Round "2.4"]
[White "Newey, Richard H"]
[Black "Tsodikova, Natalya"]
[Result "0-1"]
[WhiteElo "1819"]
[BlackElo "2207"]
[Annotator "Donaldson"]
[PlyCount "56"]
[EventDate "2016.??.??"]

1. e4 e5 2. Nf3 Nc6 3. Bc4 Bc5 4. c3 Nf6 5. d4 exd4 6. cxd4 Bb4+ 7. Bd2 Bxd2+
8. Nbxd2 d5 9. exd5 Nxd5 10. O-O (10. Qb3 Nce7 (10... O-O 11. Bxd5 Na5) (10...
Na5 11. Qa4+ Nc6) 11. O-O O-O 12. Rfe1 c6 13. a4) 10... O-O 11. h3 Nb6 12. Rc1
Nxd4 13. Bd3 c6 14. Nxd4 Qxd4 15. Qc2 h6 16. Rfd1 Nd5 17. a3 Nf4 18. Nf3 Qf6
19. Be4 Be6 20. Rd2 Rfe8 21. Kh2 Bd5 22. Bxd5 Nxd5 23. Rcd1 Re7 24. b4 Rae8 25.
Qc1 a6 26. Rc2 Re4 27. Re1 Rxe1 28. Nxe1 Qe5+ 0-1